[Event "2nd Yerevan Open"]
[Site "?"]
[Date "2017.09.20"]
[Round "1"]
[White "Davtian, Artur"]
[Black "Brutian, Hamlet"]
[Result "1-0"]
[WhiteElo "2303"]
[BlackElo "1704"]
[PlyCount "111"]
[EventDate "2017.??.??"]

1. d4 d5 2. c4 e6 3. Nf3 Nf6 4. Nc3 c6 5. e3 Nbd7 6. Bd3 Bb4 7. O-O O-O 8. Qc2
b6 9. Qa4 Bxc3 10. bxc3 Bb7 11. Ba3 Re8 12. cxd5 exd5 13. Qb3 Qc7 14. c4 c5 15.
Rac1 Rab8 16. h3 h6 17. Rfd1 Nf8 18. Be2 Ne6 19. cxd5 Bxd5 20. Qc2 Rec8 21.
dxc5 bxc5 22. Bb2 Be4 23. Qc3 Qb7 24. Ba1 Qb4 25. Qe5 Qa3 26. Nd2 Bg6 27. Nc4
Qxa2 28. Kf1 Bc2 29. Re1 Rd8 30. Nd6 Rb6 31. Bc4 Qa4 32. Bxe6 Rbxd6 33. Bg4
Bd3+ 34. Kg1 c4 35. Bf3 Re6 36. Qc7 Qd7 37. Qa5 Qe7 38. Bd4 a6 39. Ra1 Ne4 40.
Bg4 Rg6 41. Bf5 Rgd6 42. Qb4 Qh4 43. Ra2 a5 44. Qb7 Nxf2 45. Rxf2 Bxf5 46. Ref1
R6d7 47. Qb6 Bd3 48. Rf4 Qh5 49. Rg4 Bxf1 50. Rxg7+ Kf8 51. Qf6 Rxd4 52. Rh7
Qg6 53. Rh8+ Qg8 54. exd4 Rc8 55. Qd6+ Kg7 56. Qxh6# 1-0

[Event "2nd Yerevan Open"]
[Site "?"]
[Date "2017.09.20"]
[Round "1"]
[White "Asghari, Mitra"]
[Black "Sargissian, Sargis"]
[Result "0-1"]
[WhiteElo "1673"]
[BlackElo "2295"]
[PlyCount "76"]
[EventDate "2017.??.??"]

1. e4 c5 2. Nc3 a6 3. f4 b5 4. g3 Bb7 5. Bg2 e6 6. b3 d5 7. exd5 exd5 8. d4 Nf6
9. Bb2 Nbd7 10. Nf3 Be7 11. O-O c4 12. Ne5 b4 13. Nxd5 Nxd5 14. Nxf7 Kxf7 15.
Qh5+ Kf8 16. Bxd5 Bxd5 17. Qxd5 c3 18. Bc1 Nf6 19. Qc4 Qd5 20. Be3 Kf7 21. Rfd1
Rhc8 22. Qe2 h5 23. Bf2 Bd6 24. Rd3 Re8 25. Qf1 Ne4 26. Be3 Nf6 27. Re1 Bc7 28.
a3 a5 29. a4 Bb6 30. Bf2 Rxe1 31. Qxe1 Re8 32. Qd1 Ng4 33. f5 Kg8 34. Be1 Bxd4+
35. Rxd4 Rxe1+ 36. Qxe1 Qxd4+ 37. Kf1 Nxh2+ 38. Kg2 Qd2+ 0-1

[Event "2nd Yerevan Open"]
[Site "?"]
[Date "2017.09.20"]
[Round "1"]
[White "Gevorgian, Maria"]
[Black "Grigorian, Arpine"]
[Result "1-0"]
[WhiteElo "2294"]
[BlackElo "1673"]
[PlyCount "71"]
[EventDate "2017.??.??"]

1. e4 e6 2. d4 d5 3. Nc3 Bb4 4. e5 c5 5. a3 Bxc3+ 6. bxc3 Ne7 7. Nf3 Nbc6 8. a4
Qa5 9. Qd2 Bd7 10. Ba3 c4 11. Be2 O-O-O 12. O-O h6 13. Rfb1 f5 14. Rb5 Qa6 15.
Qc1 Rde8 16. Nd2 Na5 17. Bb4 Nec6 18. Bh5 Rd8 19. Qa3 b6 20. Be2 Nxb4 21. cxb4
Nb7 22. Qc3 Kb8 23. Nb1 Bxb5 24. axb5 Qxb5 25. Qa3 a5 26. c3 Kc7 27. Bd1 Qc6
28. bxa5 Nxa5 29. Qb4 Qe8 30. Na3 Qc6 31. Ba4 Qb7 32. Nb5+ Kb8 33. Nd6 Qc7 34.
Rb1 Nb7 35. Qxb6 Rd7 36. Bxd7 1-0

[Event "2nd Yerevan Open"]
[Site "?"]
[Date "2017.09.20"]
[Round "1"]
[White "Ohanian, Emin"]
[Black "Manukian, Sargis"]
[Result "0-1"]
[WhiteElo "1672"]
[BlackElo "2287"]
[PlyCount "96"]
[EventDate "2017.??.??"]

1. e4 g6 2. d4 Bg7 3. Nc3 d6 4. f4 Nd7 5. Nf3 c6 6. Bd3 b5 7. O-O b4 8. Ne2
Ngf6 9. e5 Nd5 10. c4 bxc3 11. bxc3 O-O 12. Bd2 c5 13. Qb3 Nc7 14. Ng5 dxe5 15.
fxe5 Nxe5 16. Be4 Ba6 17. dxe5 Qxd2 18. Nxf7 c4 19. Qa3 Qe3+ 20. Kh1 Qxe4 21.
Qxe7 Qxe2 22. Qxc7 Rae8 23. Rae1 Qg4 24. Rd1 Bc8 25. h3 Qh4 26. Qc6 Be6 27. Nd6
Rxf1+ 28. Rxf1 Rf8 29. Rxf8+ Bxf8 30. Ne4 Qe7 31. Nf6+ Kg7 32. Qe4 Qf7 33. Qa8
Be7 34. Qxa7 Bxf6 35. exf6+ Kxf6 36. Qd4+ Ke7 37. Kg1 Qf5 38. Qg7+ Bf7 39. Qd4
h5 40. Kh2 Qd5 41. Qe3+ Kf6 42. Qh6 Qe5+ 43. Kh1 Qe1+ 44. Kh2 Ke6 45. Qf8 Qxc3
46. Kg1 Qd4+ 47. Kf1 c3 48. Qc8+ Ke7 0-1

[Event "2nd Yerevan Open"]
[Site "?"]
[Date "2017.09.20"]
[Round "1"]
[White "Bagheri, Maziar"]
[Black "Petrosiants, Argishti"]
[Result "1-0"]
[WhiteElo "2285"]
[BlackElo "1667"]
[PlyCount "97"]
[EventDate "2017.??.??"]

1. Nf3 Nf6 2. g3 e6 3. Bg2 Be7 4. O-O O-O 5. c4 d5 6. b3 c5 7. cxd5 exd5 8. d4
Nc6 9. Bb2 Bf5 10. dxc5 Bxc5 11. Nd4 Be4 12. Nxc6 bxc6 13. Nc3 Bxg2 14. Kxg2
Be7 15. Rc1 d4 16. Na4 Qd5+ 17. Kg1 c5 18. Qd3 Rfd8 19. Rc2 Ng4 20. Qf3 Qxf3
21. exf3 Ne5 22. Kg2 Nd3 23. Ba3 Nb4 24. Bxb4 cxb4 25. Rd1 Bf6 26. f4 g6 27.
Kf3 Rac8 28. Rxc8 Rxc8 29. Rd2 Kf8 30. Ke4 Rd8 31. Nc5 Bg7 32. Kd3 a5 33. Kc4
Rc8 34. Kb5 Kg8 35. Nd3 Ra8 36. Ne5 Bf8 37. Rxd4 Rb8+ 38. Ka4 Bc5 39. Rd2 Ra8
40. Nd7 Ba7 41. Kb5 Rc8 42. Kxa5 Kg7 43. Kxb4 Rd8 44. Kb5 Bb8 45. a4 Ba7 46.
Kc6 Bb8 47. b4 Rc8+ 48. Kb7 Rd8 49. a5 1-0

[Event "2nd Yerevan Open"]
[Site "?"]
[Date "2017.09.20"]
[Round "1"]
[White "Antonian, Samvel"]
[Black "Dilanian, Grigor"]
[Result "0-1"]
[WhiteElo "1648"]
[BlackElo "2282"]
[PlyCount "118"]
[EventDate "2017.??.??"]

1. e4 d6 2. d4 Nf6 3. Nc3 g6 4. Nf3 Bg7 5. Be2 O-O 6. O-O Nbd7 7. e5 Ne8 8. Bf4
c5 9. dxc5 Nxc5 10. Qd2 Be6 11. Rfd1 Qb6 12. Rab1 dxe5 13. Bxe5 Nf6 14. Bd4 Qc6
15. Qe3 Ncd7 16. Bb5 Qc8 17. Bxd7 Bxd7 18. Qxe7 Re8 19. Qc5 Bc6 20. Bxf6 Bxf6
21. Nd5 Bd8 22. Re1 Re6 23. c3 Qd7 24. c4 Bb6 25. Nxb6 axb6 26. Qd4 Qxd4 27.
Nxd4 Rxe1+ 28. Rxe1 Rxa2 29. Nxc6 bxc6 30. Rb1 Ra4 31. b3 Ra2 32. g3 Kf8 33.
Re1 Rc2 34. Re3 h5 35. h4 Kg7 36. Rd3 Rb2 37. Kg2 Kf6 38. Re3 Rc2 39. Kf3 Kf5
40. Rd3 Ke5 41. Ke3 f6 42. f4+ Kf5 43. Kf3 Rc1 44. Re3 Rd1 45. Ke2 Rd4 46. Kf3
Rd2 47. Re8 b5 48. Rc8 Rd3+ 49. Kg2 Rxb3 50. Rxc6 b4 51. Kh3 Rc3 52. c5 b3 53.
Rb6 Ke4 54. Rxf6 Kd3 55. Rxg6 Kc2 56. Rb6 Rxc5 57. Kg2 b2 58. Kf3 Rc3+ 59. Ke4
Rb3 0-1

[Event "2nd Yerevan Open"]
[Site "?"]
[Date "2017.09.20"]
[Round "1"]
[White "Kursova, Maria"]
[Black "Mkrtumian, Robert"]
[Result "1-0"]
[WhiteElo "2285"]
[BlackElo "1667"]
[PlyCount "87"]
[EventDate "2017.??.??"]

1. d4 Nf6 2. Nf3 g6 3. c4 Bg7 4. g3 O-O 5. Bg2 d5 6. cxd5 Nxd5 7. O-O Nb6 8.
Nc3 Re8 9. h3 Nc6 10. d5 Nb4 11. e4 e6 12. a3 Na6 13. Bg5 f6 14. Be3 exd5 15.
exd5 Nc4 16. Bc1 Nd6 17. b4 f5 18. Bg5 Bf6 19. Bxf6 Qxf6 20. Rc1 Nb8 21. Nd4 a5
22. Ncb5 Na6 23. Nxc7 Nxc7 24. Rxc7 axb4 25. axb4 Ne4 26. Nb5 Qb6 27. Qd4 Qxd4
28. Nxd4 Rd8 29. Rfc1 Nd6 30. Ne6 Rd7 31. R7c2 Re7 32. h4 Bxe6 33. dxe6 Ne4 34.
Bf1 b5 35. Bxb5 Rb8 36. Rc8+ Rxc8 37. Rxc8+ Kg7 38. Bd7 Nf6 39. Rd8 Nd5 40. b5
Nb6 41. f4 Kf6 42. Kf2 Nxd7 43. exd7 Ke6 44. Re8 1-0

[Event "2nd Yerevan Open"]
[Site "?"]
[Date "2017.09.20"]
[Round "1"]
[White "Adamian, Mane"]
[Black "Poghosian, Suren"]
[Result "0-1"]
[WhiteElo "1636"]
[BlackElo "2256"]
[PlyCount "104"]
[EventDate "2017.??.??"]

1. d4 Nf6 2. c4 e5 3. dxe5 Ng4 4. Nf3 Bc5 5. e3 Nc6 6. Nc3 O-O 7. Be2 Re8 8.
O-O Ngxe5 9. Nd4 d6 10. Nd5 Ne7 11. a3 a5 12. Rb1 Nf5 13. b4 axb4 14. axb4 Bxd4
15. exd4 Nc6 16. Be3 Ncxd4 17. Bxd4 Nxd4 18. Qxd4 Rxe2 19. Rbd1 Re8 20. c5 Be6
21. Qf4 Bxd5 22. Rxd5 Re6 23. h3 Qf6 24. Rf5 Qe7 25. Qf3 c6 26. cxd6 Rxd6 27.
b5 Rad8 28. Rc1 Rd3 29. Qf4 R3d4 30. Qf3 Rd3 31. Qf4 R3d4 32. Qf3 g6 33. Rfc5
Rd1+ 34. Rxd1 Rxd1+ 35. Qxd1 Qxc5 36. Qd8+ Qf8 37. Qb6 Qc8 38. Qc5 Qf8 39. Qb6
Qc8 40. Qc5 Qf5 41. Qxf5 gxf5 42. bxc6 bxc6 43. Kf1 Kf8 44. Ke2 Ke7 45. Kd3 Kd6
46. Kd4 c5+ 47. Kc4 Kc6 48. f4 h5 49. g3 Kd6 50. Kd3 Kd5 51. h4 c4+ 52. Ke3 Kc5
0-1

[Event "2nd Yerevan Open"]
[Site "?"]
[Date "2017.09.20"]
[Round "1"]
[White "Karatorossian, David"]
[Black "Mashalov, Aniliaz"]
[Result "1-0"]
[WhiteElo "2250"]
[BlackElo "1636"]
[PlyCount "51"]
[EventDate "2017.??.??"]

1. c4 Nf6 2. g3 c6 3. Nf3 d5 4. b3 b6 5. Bg2 Ba6 6. d3 Nbd7 7. Bb2 Qc7 8. Nc3
e5 9. cxd5 cxd5 10. Rc1 Qd6 11. O-O g6 12. Nb1 Bh6 13. Ba3 Qb8 14. Rc2 b5 15.
Rc6 Bb7 16. Bd6 Qd8 17. Rc2 e4 18. dxe4 Nxe4 19. Qd4 Qf6 20. Ba3 Bf8 21. Bb2
Bd6 22. Bc3 Qxd4 23. Nxd4 b4 24. Nb5 O-O 25. Nxd6 bxc3 26. Nxb7 1-0

[Event "2nd Yerevan Open"]
[Site "?"]
[Date "2017.09.20"]
[Round "1"]
[White "Nanyan, Georgi"]
[Black "Hakobian, Hovhannes H"]
[Result "0-1"]
[WhiteElo "1610"]
[BlackElo "2242"]
[PlyCount "88"]
[EventDate "2017.??.??"]

1. Nf3 Nf6 2. c4 g6 3. g3 Bg7 4. Bg2 O-O 5. O-O d6 6. Nc3 e5 7. d3 Nc6 8. Rb1
a5 9. a3 h6 10. b4 axb4 11. axb4 Be6 12. h3 Qd7 13. Kh2 e4 14. Nxe4 Nxe4 15.
dxe4 Bxc4 16. Bb2 b5 17. Bxg7 Kxg7 18. Rb2 Ra4 19. Qd2 Qe6 20. Qc3+ Qf6 21. Qd2
Re8 22. Ng1 Nd4 23. f4 Nb3 24. e5 dxe5 25. Qc3 e4 26. Rxb3 Bxb3 27. Qxb3 Qd4
28. Qc2 Re7 29. f5 gxf5 30. Rxf5 Rxb4 31. Qc6 Rb1 32. Bf1 Re6 33. Qc2 Rd1 34.
Qxc7 Rf6 35. Qf4 Rxf5 36. Qxf5 Qf6 37. Qg4+ Qg5 38. Bg2 f5 39. Qxg5+ hxg5 40.
g4 Kf6 41. gxf5 Kxf5 42. e3 Re1 43. Bh1 b4 44. Kg2 Rxg1+ 0-1

[Event "2nd Yerevan Open"]
[Site "?"]
[Date "2017.09.20"]
[Round "1"]
[White "Ghukasian, Siranush"]
[Black "Khachatrian, Veronika"]
[Result "1-0"]
[WhiteElo "2218"]
[BlackElo "1595"]
[PlyCount "61"]
[EventDate "2017.??.??"]

1. e4 Nf6 2. e5 Nd5 3. d4 d6 4. Nf3 g6 5. Bc4 Nb6 6. Bb3 Bg7 7. Ng5 O-O 8. e6
f6 9. Nf7 Qe8 10. Nh6+ Kh8 11. d5 c6 12. c4 Na6 13. a4 Rb8 14. a5 Na8 15. h4
N8c7 16. h5 Nxe6 17. dxe6 Bxe6 18. Qe2 Bd7 19. Bc2 f5 20. Bd2 Nc5 21. Ra3 e5
22. hxg6 Qxg6 23. Rg3 Qf6 24. Qh5 Bxh6 25. Qxh6 Qxh6 26. Rxh6 Ne6 27. Rgh3 Rf7
28. Bxf5 Nf8 29. Bxd7 Rxd7 30. Bc3 Re8 31. f4 1-0

[Event "2nd Yerevan Open"]
[Site "?"]
[Date "2017.09.20"]
[Round "1"]
[White "Margarian, Yuri"]
[Black "Gasparian, Tigran"]
[Result "0-1"]
[WhiteElo "1501"]
[BlackElo "2208"]
[PlyCount "70"]
[EventDate "2017.??.??"]

1. e4 c5 2. Nf3 e6 3. d4 cxd4 4. Nxd4 Nf6 5. Nc3 d6 6. Be2 a6 7. Bf3 Qc7 8. O-O
Nbd7 9. Be3 Ne5 10. Be2 b5 11. f4 Nc4 12. Bxc4 Qxc4 13. e5 Nd5 14. Nxd5 Qxd5
15. Qf3 Qxf3 16. Nxf3 d5 17. c3 Bd7 18. Nd4 Be7 19. Kf2 O-O 20. Ke1 Rfc8 21.
Kd2 a5 22. a3 b4 23. axb4 axb4 24. g4 f6 25. g5 Kf7 26. f5 exf5 27. Nxf5 Rxa1
28. Rxa1 Bxf5 29. gxf6 gxf6 30. exf6 Bxf6 31. Rc1 b3 32. Rf1 Ke6 33. Re1 Be4
34. h3 Bxc3+ 35. bxc3 b2 0-1

[Event "2nd Yerevan Open"]
[Site "?"]
[Date "2017.09.20"]
[Round "1"]
[White "Matevosian, Sedrak"]
[Black "Edigarian, Asya"]
[Result "1-0"]
[WhiteElo "2202"]
[BlackElo "1499"]
[PlyCount "135"]
[EventDate "2017.??.??"]

1. c4 Nf6 2. Nf3 g6 3. d4 Bg7 4. Nc3 O-O 5. e4 d6 6. Be2 Nbd7 7. O-O e5 8. Re1
Re8 9. d5 Nc5 10. Bf1 a5 11. Bg5 h6 12. Bh4 g5 13. Bg3 Nh5 14. Nd2 Nf4 15. Nb3
Nd7 16. a4 b6 17. Ra3 Nf6 18. Na1 h5 19. h4 g4 20. Nc2 Ng6 21. Ne3 Nh7 22. f3
Nxh4 23. fxg4 hxg4 24. Be2 Ng6 25. Bxg4 Bxg4 26. Qxg4 Qg5 27. Qxg5 Nxg5 28. Nf5
Bf8 29. Nb5 Rec8 30. Bh4 Nxh4 31. Nxh4 c6 32. Rg3 f6 33. dxc6 Rxc6 34. b3 Kf7
35. Nf5 Rd8 36. Kf2 Rc5 37. Ke3 Ke8 38. Rd1 Rcc8 39. Rg4 Rd7 40. Rh4 Rcd8 41.
Nc3 Rh7 42. Rxh7 Nxh7 43. Rd5 Kd7 44. Rd1 Kc6 45. Rh1 Rd7 46. Rh4 Ng5 47. Nd5
Rf7 48. Rg4 Nh7 49. Rg6 Kc5 50. Kd2 Kc6 51. g4 Kc5 52. Ng3 Be7 53. Rg8 Bf8 54.
Nf5 Kc6 55. Nh4 Rg7 56. Rh8 Rf7 57. Ng6 Kb7 58. Kc3 Ka7 59. b4 Kb7 60. b5 Ka7
61. Kd3 Kb7 62. Ke2 Ka7 63. Kf2 Kb7 64. Kg2 Bh6 65. Rd8 Rg7 66. Nge7 Rxg4+ 67.
Kf3 Rg1 68. Rd7+ 1-0

[Event "2nd Yerevan Open"]
[Site "?"]
[Date "2017.09.20"]
[Round "1"]
[White "Avagian, Gor"]
[Black "Grigorian, Marine"]
[Result "0-1"]
[WhiteElo "1477"]
[BlackElo "2183"]
[PlyCount "70"]
[EventDate "2017.??.??"]

1. Nf3 d6 2. b3 Nf6 3. Bb2 e5 4. d3 Be7 5. e4 O-O 6. Be2 c5 7. Nbd2 Nc6 8. O-O
h6 9. Ne1 Qc7 10. Nc4 b5 11. Ne3 a6 12. Nf3 Nd4 13. Nd2 Bd7 14. c3 Nxe2+ 15.
Qxe2 Rfe8 16. Rac1 Bf8 17. Qf3 Qb7 18. Rc2 Rad8 19. Nf5 Bxf5 20. Qxf5 d5 21.
Qf3 c4 22. dxc4 bxc4 23. exd5 cxb3 24. axb3 e4 25. Qe2 Nxd5 26. b4 e3 27. Nc4
Nf4 28. Qf3 Qxf3 29. gxf3 e2 30. Re1 Rd1 31. Rc1 Rxe1+ 32. Rxe1 Nd3 33. f4 Nxe1
34. Ne5 Rxe5 35. fxe5 Nd3 0-1

[Event "2nd Yerevan Open"]
[Site "?"]
[Date "2017.09.20"]
[Round "1"]
[White "Gharagyozian, Artur"]
[Black "Piliposian, Gor"]
[Result "1-0"]
[WhiteElo "2170"]
[BlackElo "1464"]
[PlyCount "89"]
[EventDate "2017.??.??"]

1. d4 Nf6 2. Nf3 e6 3. c4 c5 4. e3 cxd4 5. exd4 Nc6 6. Nc3 d5 7. Bg5 Be7 8. c5
O-O 9. Bb5 a6 10. Bxc6 bxc6 11. Ne5 Bb7 12. O-O Nd7 13. Bxe7 Qxe7 14. Nxd7 Qxd7
15. Na4 Qc7 16. f4 f6 17. Qg4 Rae8 18. Rae1 Bc8 19. Nb6 Rf7 20. Re3 Rfe7 21.
Rfe1 Kf7 22. b4 g6 23. g3 h5 24. Qe2 f5 25. h4 Qb8 26. Kh2 Qb7 27. Ra3 Qb8 28.
Ra5 Ra7 29. Qf1 Ree7 30. Re3 Reb7 31. Rea3 Rxb6 32. cxb6 Qxb6 33. Qd3 Re7 34.
Rc5 Re8 35. Rb3 Bd7 36. a3 Rb8 37. Rbc3 Ra8 38. Ra5 Ke7 39. Qe3 Qc7 40. Qe2 Bc8
41. Rac5 Bd7 42. Rxd5 a5 43. b5 Qb6 44. Rxd7+ Kxd7 45. Rxc6 1-0

[Event "2nd Yerevan Open"]
[Site "?"]
[Date "2017.09.20"]
[Round "1"]
[White "Mitoyan, Zhores"]
[Black "Babayan, Armine"]
[Result "0-1"]
[WhiteElo "1448"]
[BlackElo "2168"]
[PlyCount "84"]
[EventDate "2017.??.??"]

1. d4 Nf6 2. Nf3 b6 3. g3 Bb7 4. Bg2 e6 5. O-O Be7 6. c4 O-O 7. Nc3 d5 8. Ne5
Nbd7 9. f4 Qc8 10. cxd5 Nxd5 11. e4 Nxc3 12. bxc3 Nf6 13. Re1 Rd8 14. Qb3 c5
15. Bb2 Bd6 16. Rad1 Qc7 17. a3 Rac8 18. Rc1 Ne8 19. Ng4 c4 20. Qc2 b5 21. e5
Be7 22. Ne3 Bxg2 23. Kxg2 Qc6+ 24. Kg1 Nc7 25. f5 Bg5 26. Ng4 Qf3 27. Nf2 exf5
28. Rcd1 Nd5 29. Qe2 Qxe2 30. Rxe2 a5 31. Rde1 b4 32. axb4 axb4 33. cxb4 c3 34.
Bc1 Bxc1 35. Rxc1 Nxb4 36. Nd1 c2 37. Ne3 Rxd4 38. Kf1 g6 39. h4 f4 40. gxf4
Rxf4+ 41. Kg2 Rxh4 42. Rd2 Re4 0-1

[Event "2nd Yerevan Open"]
[Site "?"]
[Date "2017.09.20"]
[Round "1"]
[White "Gaboyan, Susanna"]
[Black "Alikhanian, Artak"]
[Result "1-0"]
[WhiteElo "2166"]
[BlackElo "1421"]
[PlyCount "81"]
[EventDate "2017.??.??"]

1. d4 Nf6 2. c4 c5 3. d5 b5 4. cxb5 a6 5. b6 Qxb6 6. Nc3 g6 7. e4 d6 8. Nf3 Bg7
9. Nd2 O-O 10. Nc4 Qc7 11. Be2 Nbd7 12. O-O Nb6 13. Re1 Nxc4 14. Bxc4 Nd7 15.
Bg5 Re8 16. Rc1 Ne5 17. Be2 Qa5 18. Bd2 Qc7 19. b4 c4 20. Na4 Bd7 21. Be3 Bxa4
22. Qxa4 Rec8 23. f4 Nd7 24. Rxc4 Qb7 25. Rxc8+ Qxc8 26. Rc1 Qb7 27. Qc6 Rb8
28. a3 Bb2 29. Qxb7 Rxb7 30. Rc8+ Kg7 31. Bxa6 Rb8 32. Rxb8 Nxb8 33. Bb5 Bxa3
34. Ba7 Bxb4 35. Bxb8 Bc5+ 36. Kf1 Bb6 37. e5 dxe5 38. fxe5 f6 39. d6 Bd8 40.
Bc7 exd6 41. exd6 1-0

[Event "2nd Yerevan Open"]
[Site "?"]
[Date "2017.09.20"]
[Round "?"]
[White "Hovyan, Nikolay"]
[Black "Yayloyan, Konstantin"]
[Result "0-1"]
[WhiteElo "1414"]
[BlackElo "2142"]
[PlyCount "154"]
[EventDate "2017.??.??"]

1. d4 Nf6 2. Nf3 g6 3. c4 Bg7 4. Nc3 O-O 5. e4 d6 6. Be2 e5 7. O-O Nc6 8. d5
Ne7 9. b4 Nh5 10. g3 f5 11. Kg2 Nf6 12. Bd3 fxe4 13. Nxe4 Nxe4 14. Bxe4 Bg4 15.
Rb1 Qd7 16. Re1 Rf7 17. Qc2 Nf5 18. Ng5 Nd4 19. Qd3 Rf6 20. Be3 Bh6 21. c5 Raf8
22. h4 Bxg5 23. hxg5 Bh3+ 24. Kg1 Nf3+ 25. Bxf3 Rxf3 26. Qc4 Qf7 27. Rb2 Bc8
28. Rc1 Qf5 29. Qh4 Qd3 30. Rd2 Qa3 31. Re1 Qc3 32. Rdd1 Qc2 33. Rd2 Qf5 34.
Rc1 Qf7 35. cxd6 cxd6 36. Rdc2 Bd7 37. Qe4 Qe8 38. Rc7 R3f7 39. Qh4 Bf5 40. Qc4
a6 41. Rxf7 Qxf7 42. Qh4 Qxd5 43. Rc7 Rf7 44. Rxf7 Qxf7 45. Qh1 Be6 46. a4 d5
47. f4 exf4 48. gxf4 Qf5 49. Kf2 Qc2+ 50. Kg3 Qxa4 51. Bc5 Qc2 52. Qe1 Qd3+ 53.
Qe3 Qxe3+ 54. Bxe3 Kf7 55. Bc5 Ke8 56. Kf3 Kd7 57. Ke3 Kc6 58. Kd4 Bf5 59. Be7
Be4 60. Bd8 Kb5 61. Kc3 Bf5 62. Be7 Ka4 63. Kd4 Be6 64. Kc5 Kb3 65. Bf6 b6+ 66.
Kd6 Bg8 67. Bd4 Kc4 68. Bxb6 d4 69. Ke5 d3 70. Be3 Kc3 71. Bd4+ Kc2 72. Be3 d2
73. Bxd2 Kxd2 74. Kd4 Ke2 75. Ke5 Kd3 76. f5 gxf5 77. Kxf5 Kc4 0-1

[Event "2nd Yerevan Open"]
[Site "?"]
[Date "2017.09.20"]
[Round "1"]
[White "Der Manuelian, Hayk"]
[Black "Mkrtumian, Ashot"]
[Result "1-0"]
[WhiteElo "2139"]
[BlackElo "1389"]
[PlyCount "55"]
[EventDate "2017.??.??"]

1. e4 c5 2. Nf3 e6 3. d4 cxd4 4. Nxd4 a6 5. Bd3 Ne7 6. c4 Nbc6 7. Nc2 Ng6 8.
O-O Nge5 9. Be2 Qc7 10. f4 Bc5+ 11. Kh1 Ng6 12. Nc3 O-O 13. e5 Ncxe5 14. fxe5
Qxe5 15. Qd3 f5 16. Be3 Bd6 17. Bg1 Nf4 18. Qe3 Nxe2 19. Qxe2 Qa5 20. Qe3 Qc7
21. c5 Be7 22. Nd5 Qd8 23. Nxe7+ Qxe7 24. Qe5 Rf6 25. Ne3 Rg6 26. Nxf5 Qg5 27.
Qe4 h5 28. Be3 1-0

[Event "2nd Yerevan Open"]
[Site "?"]
[Date "2017.09.20"]
[Round "1"]
[White "Qoloyan, Iskhan"]
[Black "Mkrtchian, Sargis R"]
[Result "0-1"]
[WhiteElo "1317"]
[BlackElo "2115"]
[PlyCount "74"]
[EventDate "2017.??.??"]

1. c4 e5 2. Nc3 Nf6 3. Nf3 Nc6 4. e3 Bb4 5. d4 exd4 6. exd4 d5 7. a3 Bxc3+ 8.
bxc3 O-O 9. Bg5 Re8+ 10. Be2 dxc4 11. O-O Na5 12. Re1 Be6 13. Qc2 h6 14. Bh4 b5
15. Rad1 Bd5 16. Ne5 Qd6 17. a4 c6 18. Bg3 Qf8 19. Bf3 Re6 20. Bxd5 Nxd5 21.
Re2 f6 22. Ng6 Rxe2 23. Qxe2 Qe8 24. Qxe8+ Rxe8 25. Kf1 Nxc3 26. Re1 Rxe1+ 27.
Kxe1 Nd5 28. Nf4 Nxf4 29. Bxf4 a6 30. Kd2 Kf7 31. Kc3 Ke6 32. f3 Kd5 33. Bc7
Nb7 34. g3 a5 35. axb5 cxb5 36. Bb6 b4+ 37. Kc2 a4 0-1